Normal view
MARC view
- Garcia Marquez - Gabriel - Criticism and Interpretation - Swanson
Entry Topical Term
001 - CONTROL NUMBER
- control field: 2419
003 - CONTROL NUMBER IDENTIFIER
- control field: JO-AjAnu
005 - DATE AND TIME OF LATEST TRANSACTION
- control field: 20230606070712.0
008 - FIXED-LENGTH DATA ELEMENTS
- fixed length control field: 230606|| aca||aabn | a|a d
040 ## - CATALOGING SOURCE
- Original cataloging agency: JO-AjAnu
- Transcribing agency: JO-AjAnu
150 ## - HEADING--TOPICAL TERM
- Topical term or geographic name entry element: Garcia Marquez - Gabriel - Criticism and Interpretation - Swanson
670 ## - SOURCE DATA FOUND
- Source citation: Work cat.: (JO-AjAnu)1267: EDITED BY: SWANSON, PHILIP, author 2418, THE CAMBRIDGE COMPANION TO GABRIEL GARCIA MARQUEZ